Housing design in practice / (Record no. 151550)

MARC details
000 -LEADER
fixed length control field 00812pam a2200265 a 4500
008 - FIXED-LENGTH DATA ELEMENTS--GENERAL INFORMATION
fixed length control field
020 ## - INTERNATIONAL STANDARD BOOK NUMBER
International Standard Book Number 0582063604 (hbk.)
049 ## - LOCAL HOLDINGS (OCLC)
Holding library MAIN
090 ## - LOCALLY ASSIGNED LC-TYPE CALL NUMBER (OCLC); LOCAL CALL NUMBER (RLIN)
Classification number (OCLC) (R) ; Classification number, CALL (RLIN) (NR) NA7116
Local cutter number (OCLC) ; Book number/undivided call number, CALL (RLIN) COL
003 - CONTROL NUMBER IDENTIFIER
control field
005 - DATE AND TIME OF LATEST TRANSACTION
control field 20230123133616.0
040 ## - CATALOGING SOURCE
Transcribing agency NUST
100 1# - MAIN ENTRY--PERSONAL NAME
Personal name Colquhoun, Ian.
245 10 - TITLE STATEMENT
Title Housing design in practice /
Statement of responsibility, etc. Ian Colquhoun, Peter G. Fauset.
260 ## - PUBLICATION, DISTRIBUTION, ETC.
Place of publication, distribution, etc. Harlow :
Name of publisher, distributor, etc. Longman Scientific & Technical,
Date of publication, distribution, etc. 1991.
300 ## - PHYSICAL DESCRIPTION
Extent x, 365 p. :
Other physical details ill. ;
Dimensions 30 cm.
504 ## - BIBLIOGRAPHY, ETC. NOTE
Bibliography, etc. note Bibliography: p. 353-357.- Includes index.
653 0# - INDEX TERM--UNCONTROLLED
Uncontrolled term Residences
-- Architecture
650 #0 - SUBJECT ADDED ENTRY--TOPICAL TERM
Topical term or geographic name entry element Architecture, Domestic.
650 #0 - SUBJECT ADDED ENTRY--TOPICAL TERM
Topical term or geographic name entry element Architectural design.
653 ## - INDEX TERM--UNCONTROLLED
Uncontrolled term Residences
-- Architecture
700 1# - ADDED ENTRY--PERSONAL NAME
Personal name Fauset, Peter G.
907 ## - LOCAL DATA ELEMENT G, LDG (RLIN)
a .b10028766
b 26-04-13
c 17-04-03
942 ## - ADDED ENTRY ELEMENTS (KOHA)
Koha item type Ordinary Loan Books
Call number prefix NA7116
Call number suffix COL
Holdings
Date last seen Total Checkouts Full call number Barcode Cost, replacement price Price effective from Koha item type Lost status Source of classification or shelving scheme Damaged status Not for loan Collection Withdrawn status Home library Current library Shelving location Date acquired Cost, normal purchase price
01/23/2023 17 NA7116 COL 92003023761 80.00 01/23/2023 BOOKS   LCC     NFIC   MAIN MAIN GEN 01/23/2023 80.00